UK Towns Quiz - East Lothian - Scotland - Statistics

General Stats
  • This quiz has been taken 51 times
  • The average score is 11 of 16
Answer Stats
Clue Town Population % Correct
H Haddington 11,354
97%
M Musselburgh 21,479
97%
D Dunbar 10,777
95%
N North Berwick 8,310
92%
P Prestonpans 10,620
89%
T Tranent 12,237
89%
G Gullane 2,910
76%
E East Linton 1,881
68%
L Longniddry 2,599
65%
W Wallyford 4,475
65%
A Aberlady 1,365
57%
C Cockenzie 5,234
57%
O Ormiston 2,586
57%
P Pencaitland 1,675
54%
M Macmerry 1,437
38%
W Whitecraig 1,253
38%
No matching quizzes found
Score Distribution
Percent of People with Each Score
Percentile by Number Answered
Your Score History
You have not taken this quiz